| Registos Bibliográficos associados ao registo de autoridade |
|
Etiqueta de registo: 00254nam 2200025 450 001 2284428 003 http://id.bnportugal.gov.pt/bib/catbnp/2284428 010 ## $a978-989-33-7340-8 021 ## $aPT$b544725/25 100 ## $a20260415d2025 m y0pory01030103ba 101 0# $apor 102 ## $aPT 105 ## $aa b 000yy 106 ## $ar 200 1# $aJosé Aurélio, uma retrospetiva de cerâmica$ftextos Alberto Gurreiro, Helena Gonçalves Pinto, Maria Manuel$gfot. Mariana Branco 210 #9 $aAlcobaça$cArmazém das Artes - Fundação Cultural,$d2025 215 ## $a105, [3] p.$cil.$d21 cm 225 2# $aJA$v1 702 #1 $aAurélio,$bJosé Manuel,$f1938-$4040$310885 702 #1 $aGuerreiro,$bAlberto$4070$31707162 702 #1 $aPinto,$bHelena Gonçalves,$f1966-$4070$3148490 702 #1 $93$aManuel,$bMaria$4070$31995746 801 #0 $aPT$bBN$gRPC 966 ## $lBN$mFGMON$x1 966 ## $lBN$mFGMON$x1 971 ## $cssilva$d20260415
|
|
|